[Recenzia na publikáciu Samuelson - Nordhaus: Ekonómia 2.]

Salvato in:
Dettagli Bibliografici
Autore principale: Gonda, Vladimír
Natura: Capitolo di libro
Lingua:slovacco
Soggetti:
Tags: Aggiungi Tag
Nessun Tag, puoi essere il primo ad aggiungerne!!

MARC

LEADER 00000naa a2200000 4500
001 0190539
005 20240502073215.1
041 0 |a slo 
044 |a SK 
245 1 0 |a [Recenzia na publikáciu Samuelson - Nordhaus: Ekonómia 2.]  |c Vladimír Gonda 
610 2 0 |a ekonómia 
610 2 0 |a učebnice 
610 2 0 |a recenzie 
100 1 |a Gonda, Vladimír